| 000 | 01576nam a2200325 a 4500 | ||
|---|---|---|---|
| 001 | 00000217 | ||
| 003 | DO-SdBNP | ||
| 005 | 20160411131602.0 | ||
| 007 | 00000217 | ||
| 008 | 150130s2012 dr ac 000 0 spa d | ||
| 020 | _a9789945174113 | ||
| 040 |
_aBPMSU _bspa _cBPMSU |
||
| 092 |
_a372.7 _bM425e, 5to 2012 |
||
| 245 | 0 | 0 |
_aMatemática 5 : _beducación básica / _ccolaboración Pablo César Smester Báez ; dirección editorial Doris Arroba Jácome |
| 260 |
_aSanto Domingo : _bSM, _c2012. |
||
| 300 |
_a223 p. : _bil., retrs. ; _c29 cm. |
||
| 490 | 1 | _aProyecto Sé | |
| 505 | 0 |
_gunidad 1 -- _tNúmeros naturales y operaciones -- _gunidad 2 -- _tDivisión de números naturales, potencias y raíces -- _gunidad 3 -- _tMúltiplos, divisores y fracciones -- _gunidad 4 -- _tOperaciones con fracciones -- _gunidad 5 -- _tNúmeros decimales y operaciones -- _gunidad 6 -- _tPorcentaje, proporciones y tratamiento de la información -- _gunidad 7 -- _tMedición: unidades de longitud, área y volumen -- _gunidad 8 -- _tMedición: masa, tiempo y temperatura -- _gunidad 9 -- _tGeometría -- _gunidad 10 -- _tÁrea y volumen -- |
|
| 650 |
_aMATEMÁTICAS _xENSEÑANZA BÁSICA |
||
| 650 |
_aMATEMÁTICAS _xENSEÑANZA ELEMENTAL |
||
| 650 |
_aEDUCACIÓN PRIMARIA _zREPÚBLICA DOMINICANA |
||
| 650 |
_aMATEMÁTICAS _xESTUDIOS Y EJERCICIOS |
||
| 650 |
_aMATEMÁTICAS _xLIBROS DE TEXTOS |
||
| 700 | 1 | 2 | _aSmester, Pablo César |
| 700 | 1 |
_aArroba Jácome, Doris _eed. |
|
| 830 | 0 | _aProyecto Sé | |
| 910 | _aValidado. Control de calidad MFF | ||
| 942 |
_2ddc _cBK |
||
| 956 |
_aYLOCKWARD _b10 |
||
| 999 |
_c9481 _d9481 |
||